|
|
|
|
| LEADER |
00000nab a2200000 a 4500 |
| 001 |
vtls000919460 |
| 003 |
SK-MaSNL |
| 005 |
20260304165817.0 |
| 008 |
040720e19930408xo 0 slo |
| 035 |
|
|
|a KE28337
|
| 040 |
|
|
|a KEVKJB
|b slo
|c KEVKJB
|e AACR2
|
| 041 |
0 |
|
|a slo
|
| 044 |
|
|
|a xo
|c SK
|
| 080 |
|
|
|a 617.7
|2 1981
|
| 100 |
1 |
|
|a Vosátko, Rudolf,
|d 1962-2011
|4 aut
|9 873797
|
| 245 |
1 |
0 |
|a Primát košických očiarov... a zhliadnu nezahalený svet
|
| 610 |
2 |
7 |
|a Fakultná nemocnica s poliklinikou, Rastislavova ul. (Košice, Slovensko)
|2 SNKKA
|9 29649
|
| 650 |
0 |
7 |
|a oftalmológia
|2 SNKPH
|9 910
|
| 650 |
0 |
7 |
|a očné kliniky
|2 SNKPH
|9 216851
|
| 650 |
0 |
7 |
|a vnútorné šošovky
|2 SNK
|9 1496522
|
| 650 |
0 |
7 |
|a operácie
|2 SNKPH
|9 514946
|
| 651 |
|
7 |
|a Košice (Slovensko)
|2 SNKPHgeo
|9 18694
|
| 651 |
|
7 |
|a KE,
|2 KEVKJB
|9 877256
|
| 655 |
|
7 |
|a periodikum
|2 SNKPH
|9 29553
|
| 710 |
2 |
|
|a Fakultná nemocnica s poliklinikou, Rastislavova ul. (Košice, Slovensko)
|4 aut
|9 29649
|
| 773 |
0 |
8 |
|t Košický večer
|g Roč. 4
|g Roč. 28, č.69, 8.4.1993, s. 1
|
| 852 |
|
|
|a ZVYKNI
|b KIS3GCP
|
| 999 |
|
|
|c 2985613
|d 2987543
|